000 00489nam a2200169 i 4500
001 29709
003 ES-MaACL
005 20230906154057.0
007 t|
008 030122s1955 sp ||||1| spa d
100 1 _aBallesteros Moreno, I.
_925061
245 1 0 _a42 pensamientos /
_cI. Ballesteros Moreno.
260 _aAlbacete :
_b[s.n.,
_c1955] (
_fTip. Antonio González)
300 _a62 p. ;
_c17 cm.
740 0 _aCuarenta y dos pensamientos.
852 _aES-MaACL
_jC-36842
_bR.67180
999 _c29709
_d29709